Noise and vibration control in automotive bodies (Record no. 53145)
[ view plain ]
| 000 -LEADER | |
|---|---|
| fixed length control field | 00628nam a22002297a 4500 |
| 005 - DATE AND TIME OF LATEST TRANSACTION | |
| control field | 20260422162917.0 |
| 008 - FIXED-LENGTH DATA ELEMENTS--GENERAL INFORMATION | |
| fixed length control field | 260422b |||||||| |||| 00| 0 eng d |
| 020 ## - INTERNATIONAL STANDARD BOOK NUMBER | |
| International Standard Book Number | 9781119515494 |
| Qualifying information | hb |
| 082 ## - DEWEY DECIMAL CLASSIFICATION NUMBER | |
| Classification number | 620.23 |
| Item number | PAN |
| 100 ## - MAIN ENTRY--PERSONAL NAME | |
| Personal name | Pang, Jian |
| 245 ## - TITLE STATEMENT | |
| Title | Noise and vibration control in automotive bodies |
| 260 ## - PUBLICATION, DISTRIBUTION, ETC. | |
| Place of publication, distribution, etc. | Hoboken, NJ |
| Name of publisher, distributor, etc. | John Wiley |
| Date of publication, distribution, etc. | 2019 |
| 300 ## - PHYSICAL DESCRIPTION | |
| Extent | xiv, 514p. ; 25cm. |
| 440 ## - SERIES STATEMENT/ADDED ENTRY--TITLE | |
| Title | Automotive series |
| 653 ## - INDEX TERM--UNCONTROLLED | |
| Uncontrolled term | Noise and vibration problems |
| 653 ## - INDEX TERM--UNCONTROLLED | |
| Uncontrolled term | Sound radiation |
| 653 ## - INDEX TERM--UNCONTROLLED | |
| Uncontrolled term | Acoustic cavity Mode |
| 653 ## - INDEX TERM--UNCONTROLLED | |
| Uncontrolled term | Automobiles - Noise |
| 653 ## - INDEX TERM--UNCONTROLLED | |
| Uncontrolled term | ME432 |
| 653 ## - INDEX TERM--UNCONTROLLED | |
| Uncontrolled term | ME632 |
| 942 ## - ADDED ENTRY ELEMENTS (KOHA) | |
| Source of classification or shelving scheme | Dewey Decimal Classification |
| Koha item type | Book |
| Withdrawn status | Lost status | Source of classification or shelving scheme | Damaged status | Not for loan | Collection code | Home library | Current library | Shelving location | Date acquired | Source of acquisition | Total Checkouts | Full call number | Barcode | Date last seen | Price effective from | Koha item type |
|---|---|---|---|---|---|---|---|---|---|---|---|---|---|---|---|---|
| Dewey Decimal Classification | Text/Reserve Book | LRC, IIT Indore | LRC, IIT Indore | 2nd Floor - Textbook Reserve | 22/04/2026 | PO_2025-26_PO-115 ,Vendor: Atlantic Publishers and Distributors (P) Ltd, New Delhi ; Inv. No.: 1210641, dt.02.04.2026 ; Price: USD 140.00 | 620.23 PAN | 38821 | 28/04/2026 | 22/04/2026 | Text/Reserve Book |
